000
00310nam a22001457a 4500
008
211013b ||||| |||| 00| 0 eng d
020
_a
9780397551965
041
_a
eng
080
_a
616.073
082
_a
616.073
100
_a
6
101
_a
RAD
245
_a
Radiography
_c
Campeau,F.E
942
_2
udc
_c
BK
999
_c
58212
_d
58212